Roald Dahl Characters - Statistics

General Stats
  • This quiz has been taken 42 times
  • The average score is 12 of 17
Answers on the Grid
Answers color-coded by a green-red scale on the quiz's grid according to % correct below.
George Kranky
Willy Wonka
Fantastic Mr Fox
Matilda
Oompa Loompas
Mrs Silver
Lucy Pevensie
Darrell Rivers
Grandpa Joe
Claudine
The BFG
Digory Kirke
Heather
Theodore Decker
Mildred Hubble
Mrs Ladybug
Pauline Fossil
Charlie Bucket
Snotface Snotlout
Mr Gregg
Miss Trunchbull
Mrs Twit
Madeline
Miss Honey
Fern Arable
Walt Boggis
Veruca Salt
Aunt Spiker
 
Answer Stats
Answer % Correct
Matilda
96%
Willy Wonka
92%
Charlie Bucket
88%
Veruca Salt
88%
Fantastic Mr Fox
85%
Grandpa Joe
85%
Miss Honey
85%
Miss Trunchbull
85%
Mrs Twit
85%
Oompa Loompas
85%
The BFG
85%
Aunt Spiker
62%
Walt Boggis
54%
Mrs Silver
50%
George Kranky
46%
Mr Gregg
38%
Mrs Ladybug
35%
No matching quizzes found
Score Distribution
Percent of People with Each Score
Percentile by Number Answered
Your Score History
You have not taken this quiz